000 00705cam a22002297a 4500
001 001306
003 armpunfd
005 20140612090636.0
008 031215e0####xx#a##########000#0#und#d
040 _aarmpunfd
_carmpunfd
080 _a342.348(728) I 2.
245 1 0 _aIndice de desarrollo democratico de america latina-idd-lat-2003.
260 _a Uenos Aires : Konrad Adenauer
_b2003. Isbn: 987-21062-0-7 196P.
650 7 _a Democracia Directa
_2LEMB
650 7 _a Democracia
_2LEMB
650 7 _a Desarrollo Democratico
_2LEMB
650 7 _a Desarrollo Humano
_2LEMB
650 7 _a Gobernabilidad
_2LEMB
650 7 _a Idd
_x Lat
_2LEMB
942 _cLB
_2cdu
945 _aCatalis
_d2010-08-19
999 _c1297
_d231801